000 01085nam a2200229Ia 4500
003 Ost
005 20260507074932.0
008 260507s9999||||xx |||||||||||||| ||und||
020 _a978995761714
040 _cfsecg
041 _aara
082 _a330
100 _aحوحو، فطوم
_eمؤلف
245 0 _aالسياسات الاقتصادية والسوق المالي"سياسات تفعيل السوق المالي" :
_bالسوق المالي السعودي نموذجا /
_c فطوم حوحو
260 _aعمان:
_bدار ومكتبة الحامد للنشر,
_c2017
300 _a370 صفحة؛
_bإيضاحات ؛
_c25 سم
504 _aبيبليوغرافيا: ص.361-370
520 _aيضم مفاهيم عامة حول الأسواق المالية،الأسواق المالية العربية،فعالية السياسات الاقتصادية في تطوير نشاط السوق المالية،دراسة حالة السوق المالي السعودي
653 _aالأسواق المالية
653 _aالاقتصاد
942 _cكتاب
999 _c41856
_d41856